00563nam a2200157 a 450000100100000000500170001000800410002704000250006824500860009325000120017926000330019130000200022453400390024495201050028399900170038800003908620201002031505.0130520s1999 dr 000 0 spa d aDO-SdBNPbspacBNPHU00aIncarnationis mysterium :bBula de convocación del gran jubileo del año 2000. a2a. ed. aSanto Domingo :bMSC,c1999. a34 p. ;c23 cm. aIncarnationis mysteriumlespañol 0010718PDaPDbPDcHDd2013-05-20iLF1l0o p39086-10r2020-06-25w2020-06-25yLFPDZNo se presta c38576d38576